000
00298nam a2200121Ia 4500
008
190216s9999||||xx |||||||||||||| ||und||
100
_a
"Hingorani N L,Ramanathan,&Amp;Grewal Ts"
245
0
_a
Management Accounting
260
_b
S Chand & Co
300
_a
c.373p
650
_a
Commerce
942
_c
BK
999
_c
4890
_d
4890